Statistics for Pixelated Africa Map in 60 Seconds

Click here to take the quiz!

General Stats

  • This quiz has been taken 1,483 times
  • The average score is 188 of 246

Answers on the Map

Answers color-coded by a green-red scale on the quiz's map according to % correct below.
 

Answer Stats

Country% Correct
Egypt
94%
Algeria
91%
South Africa
91%
D. R. Congo
89%
Libya
89%
Morocco
86%
Sudan
85%
Niger
84%
Chad
82%
Mali
82%
Ethiopia
81%
Nigeria
80%
R. Congo
78%
Madagascar
77%
Somalia
77%
Tunisia
76%
Angola
69%
Mauritania
69%
Namibia
69%
Tanzania
68%
Kenya
67%
South Sudan
67%
Mozambique
62%
Central African Rep.
61%
Zambia
58%
Botswana
57%
Ghana
56%
Zimbabwe
54%
Eritrea
51%
Cameroon
50%
Senegal
48%
Gabon
46%
Uganda
43%
Benin
41%
Ivory Coast
41%
Guinea
40%
Liberia
40%
Burkina Faso
35%
Malawi
34%

Score Distribution

Percentile by Number Answered

Percent of People with Each Score

Your Score History

You have not taken this quiz